000 00589nam a2200217Ia 4500
005 20260429111904.0
008 260429s9999||||xx |||||||||||||| ||und||
020 _a9788189915025
041 _aEnglish
082 _a338.4791
_bPAT
100 _aPathania, Kulwant Singh
245 0 _aTourism in India /
_cKulwant Singh Pathania
260 _aNew Delhi :
_bRegal Publications,
_c2008.
300 _axii, 281 p.; hb
650 _a Cultural tourism
650 _a Heritage tourism
650 _a Travel industry
650 _aTourism-India
700 _a Kumar, Arun
942 _cTB
999 _c51288
_d51288